| 000 | 00460pam a2200145 a 4500 | ||
|---|---|---|---|
| 020 | _a0070057893 | ||
| 082 | 0 | 0 |
_a629.04 _bBAN _cN-01, P-44 |
| 100 | 1 |
_aBanks, James H. _944298 |
|
| 245 | 1 | 0 |
_aIntroduction to transportation engineering / _cJames H. Banks. |
| 260 |
_aBoston : _bWCB/McGraw-Hill, _cc1998. |
||
| 300 |
_axii, 388 p. : _bill. ; _c24 cm. |
||
| 526 |
_a0 _b0 _c0 _d629_040000000000000_BAN |
||
| 650 | 0 |
_aTransportation engineering. _9854 |
|
| 942 |
_2ddc _cBK |
||
| 999 |
_c548124 _d548124 |
||